Best Picture Winners by Any 3 Letters Quiz Stats

Quiz Updated Feb 29, 2016

Challenge
Share
Tweet
Embed
Score 0/89 Timer 04:00
10 Plays Today
Year Film % Correct
1939Gone with the Wind
97.6%
1974The Godfather: Part II
97.5%
1952The Greatest Show on Earth
97.4%
2003The Lord of the Rings: The Return of the King
97.2%
2014Birdman or (The Unexpected Virtue of Ignorance)
96.5%
1930All Quiet on the Western Front
96.5%
1949All the King's Men
96.5%
1960The Apartment
96.5%
1972The Godfather
96.3%
2006The Departed
96.1%
2011The Artist
95.8%
2010The King's Speech
95.5%
1996The English Patient
95.4%
1975One Flew Over the Cuckoo's Nest
95.2%
1954On the Waterfront
95.1%
1946The Best Years of Our Lives
95%
1973The Sting
94.9%
1937The Life of Emile Zola
94.9%
2009The Hurt Locker
94.9%
1978The Deer Hunter
94.8%
1991The Silence of the Lambs
94.8%
1957The Bridge on the River Kwai
94.5%
1971The French Connection
94.4%
1987The Last Emperor
94.3%
1965The Sound of Music
94.2%
1967In the Heat of the Night
94.1%
1936The Great Ziegfeld
94%
1956Around the World in 80 Days
94%
1945The Lost Weekend
93.7%
1929The Broadway Melody
93.3%
Year Film % Correct
1935Mutiny on the Bounty
93.3%
1966A Man for All Seasons
88.2%
2007No Country for Old Men
78%
2016Moonlight
77.5%
1932Grand Hotel
74.3%
1982Gandhi
73.9%
1941How Green Was My Valley
72.2%
1938You Can't Take It With You
71.5%
1947Gentleman's Agreement
70.6%
1998Shakespeare in Love
70.6%
1994Forrest Gump
70.5%
1983Terms of Endearment
68.9%
1934It Happened One Night
68.3%
1992Unforgiven
68.1%
1950All About Eve
67.9%
1979Kramer vs. Kramer
67.4%
1999American Beauty
67.2%
1951An American in Paris
66.7%
1993Schindler's List
66.5%
1953From Here to Eternity
66.4%
2015Spotlight
65.4%
1928Wings
64.1%
1977Annie Hall
63.5%
1995Braveheart
63.1%
1988Rain Man
63%
1997Titanic
62.9%
1989Driving Miss Daisy
61.1%
1990Dances With Wolves
60.9%
2008Slumdog Millionaire
60.3%
201312 Years a Slave
56.9%
Year Film % Correct
1943Casablanca
55.4%
1955Marty
54.4%
2001A Beautiful Mind
54.3%
1961West Side Story
53.9%
2004Million Dollar Baby
53.3%
1963Tom Jones
53.2%
2000Gladiator
52.1%
1942Mrs. Miniver
52.1%
2005Crash
51.5%
2012Argo
50.1%
1981Chariots of Fire
49.7%
1969Midnight Cowboy
48.7%
1944Going My Way
48.2%
1986Platoon
47.7%
2002Chicago
46.3%
1985Out of Africa
46%
1970Patton
43.9%
1959Ben-Hur
43.5%
1980Ordinary People
42.6%
1931Cimarron
42.2%
1976Rocky
42.1%
1962Lawrence of Arabia
40.9%
1968Oliver!
39.2%
1984Amadeus
38.5%
1933Cavalcade
36%
1964My Fair Lady
32%
1948Hamlet
26.5%
1958Gigi
25.8%
1940Rebecca
25.2%

You're not logged in!

Compare scores with friends on all Sporcle quizzes.
Sign Up with Email
OR
Log In

You Might Also Like...

Show Comments

Extras

Top Quizzes Today


Score Distribution

Your Account Isn't Verified!

In order to create a playlist on Sporcle, you need to verify the email address you used during registration. Go to your Sporcle Settings to finish the process.